| 000 | 00913cam a22001935a 4500 | ||
|---|---|---|---|
| 001 | L150721 | ||
| 008 | 100823e20100821xxk 000 0 eng d | ||
| 035 | _a(Sirsi) u150721 | ||
| 041 | 0 | _aeng | |
| 245 | 0 | 0 | _aTale of two cities |
| 260 | _c2010 | ||
| 490 |
_aEstates Gazette _v(1033) 21 August 2010, 62-64(3) |
||
| 520 | _aResearch conducted by the Oxford Brookes University Oxford Institute for Sustainable Development and Okasa University Japan based on an extensive review of literature and policy in UK and Japan on urban regeneration. Based on the experiences of Manchester and Osaka in Japan. Identifies key factors such as strong markets, see the positive side of recession, having a good long term vision, importance of a strong brand, partnership and good infrastructure. | ||
| 590 | _aKA | ||
| 651 | 4 |
_aUnited Kingdom _y |
|
| 651 | 4 | _aJapan | |
| 690 | _aPROPERTY-PROPERTY DEVELOPMENT | ||
| 942 | _n0 | ||
| 999 |
_c82616 _d82616 |
||